|
|
|
|
| LEADER |
00000nas a22000001a 4500 |
| 001 |
vtls010299771 |
| 003 |
SK-MaSNL |
| 005 |
20260228163010.0 |
| 008 |
110810d19531962xo mr p r 0 b0slo |
| 015 |
|
|
|a SNBDS17XX9999
|
| 015 |
|
|
|a 0807
|2 Balúnová 1945-60
|
| 015 |
|
|
|a 0364
|2 Janů 1961-65
|
| 038 |
|
|
|a SNKBUDS
|
| 040 |
|
|
|a SNK
|b slo
|c SNK
|e AACR2
|
| 041 |
0 |
|
|a slo
|
| 044 |
|
|
|a xo
|c SK
|
| 080 |
|
|
|a 316.728
|2 2001
|
| 245 |
0 |
0 |
|a Náš smer
|b dedinské noviny
|
| 260 |
|
|
|a Necpaly
|b Osvetová beseda Necpaly
|c 1954-
|
| 300 |
|
|
|a 9 roč.
|c 30 x 21 cm
|
| 310 |
|
|
|a 1x mesačne
|
| 362 |
0 |
|
|a Roč. I (1953)-roč. XI, č. 11 (1962)
|
| 500 |
|
|
|a Vych. v Necpaloch mesačne vo formáte 30 x 21 cm, od 1/X (1961) 29 x 20,5 cm
|
| 500 |
|
|
|a Za red. zodp. správca Osvetovej besedy, od 1/X (1961) predseda OB v Necpaloch, od 2/X (1961) správca OB v Necpaloch, v 6/X (1961) predseda OB Necpaly, od 8/XI (1962) Adela Lehnerová a Jozef Zorvan, v 9/XI (1962) F. Ďatková, L. Voštiar, v 10/XI (1962) E. Majková a Ľ. Macúšková, v 11/XI (1962) L. Hoťková, B. Heródeková
|
| 500 |
|
|
|a Rozmnož. cyklostylom
|
| 500 |
|
|
|a Čas. v knižniciach neúplný. Popis od 1/II zo 7. apr. 1954, v r. 1956 vych. do 26. aug., v r. 1957 do 23. sept. Vych. viac-menej počas jarných a žatevných prác
|
| 505 |
8 |
0 |
|g Roč. I. [1953]
|
| 505 |
8 |
0 |
|g Roč. II. 1954 6 č. po 2 s.
|
| 505 |
8 |
0 |
|g Roč. IV. [III.] 1955 13 č. po 2 s.
|
| 505 |
8 |
0 |
|g Roč. V. 1956 6 č. po 2 s.
|
| 505 |
8 |
0 |
|g Roč. VI. 1957 10 č. po 2 s.
|
| 505 |
8 |
0 |
|g Roč. VII. 1958 7 č. po 2 s.
|
| 505 |
8 |
0 |
|g Roč. X. 1961 7 č. po 2-4 s.
|
| 505 |
8 |
0 |
|g Roč. XI. 1962 11 č. po 4 s.
|
| 650 |
0 |
7 |
|a verejný a spoločenský život
|2 SNKBUDS
|9 265569
|
| 655 |
|
7 |
|a regionálne časopisy
|2 SNKBUDS
|9 265646
|
| 655 |
|
7 |
|a dedinské časopisy
|2 SNKBUDS
|9 272722
|
| 700 |
1 |
|
|a Lehnerová, Adela
|4 pbd
|9 272723
|
| 700 |
1 |
|
|a Zorvan, Jozef
|4 pbd
|9 272724
|
| 700 |
1 |
|
|a Ďatková, F.
|4 pbd
|9 272725
|
| 700 |
1 |
|
|a Voštiar, L.
|4 pbd
|9 272726
|
| 700 |
1 |
|
|a Majková, E.,
|c iná
|4 pbd
|9 272727
|
| 700 |
1 |
|
|a Macúšková, Ľ.
|4 pbd
|9 272728
|
| 700 |
1 |
|
|a Hoťková, L.
|4 pbd
|9 272729
|
| 700 |
1 |
|
|a Heródeková, B.
|4 pbd
|9 272730
|
| 710 |
1 |
|
|a Necpaly (Slovensko)
|b Osvetová beseda
|e vydav.
|9 272731
|
| 852 |
|
|
|a SNK
|b 10000
|h ČSB 844
|
| 999 |
|
|
|c 8699
|d 10629
|
| 952 |
|
|
|0 0
|1 0
|4 0
|7 0
|a SNK
|b SNK
|d 2021-11-16
|l 0
|o snkČSB 844/11[10]/1962
|p 17A1348041
|r 2026-02-21 19:29:23
|t č. 1-12
|w 2026-02-21
|y PREZ
|
| 952 |
|
|
|0 0
|1 0
|4 0
|7 0
|8 0
|a SNK
|b SNK
|d 2021-11-16
|i snkČSP 70/63
|l 0
|o snkČSB 844/10[9]/1961
|p 17A1348040
|r 2026-02-21 19:29:23
|t č. 1-7
|w 2026-02-21
|y PREZ
|
| 952 |
|
|
|0 0
|1 0
|4 0
|7 0
|8 0
|a SNK
|b SNK
|d 2021-11-16
|i snkČSP 6472/61
|l 0
|o snkČSB 844/9[8]/1960
|p 17A1348039
|r 2026-02-21 19:29:23
|t č. 1-8
|w 2026-02-21
|y PREZ
|
| 952 |
|
|
|0 0
|1 0
|4 0
|7 0
|a SNK
|b SNK
|d 2021-11-16
|l 0
|o snkČSB 844/7[6]/1958
|p 17A1348038
|r 2026-02-21 19:29:23
|t č. 1-8, neúplné
|w 2026-02-21
|y PREZ
|z Chýba č.: 8
|
| 952 |
|
|
|0 0
|1 0
|4 0
|7 0
|8 0
|a SNK
|b SNK
|d 2021-11-16
|i snkČSP 995/58
|l 0
|o snkČSB 844/5[4]/1956
|p 17A1348037
|r 2026-02-21 19:29:23
|t č. 1-6
|w 2026-02-21
|y PREZ
|
| 952 |
|
|
|0 0
|1 0
|4 0
|7 0
|8 0
|a SNK
|b SNK
|d 2021-11-16
|i snkČSP 325/58
|l 0
|o snkČSB 844/7-6[5]/1957
|p 17A1348036
|r 2026-02-21 19:29:24
|t č. 1-10, neúplné
|w 2026-02-21
|y PREZ
|z Chýba č. 5
|
| 952 |
|
|
|0 0
|1 0
|4 0
|7 0
|8 0
|a SNK
|b SNK
|d 2021-11-16
|i snkČSP 952/57
|l 0
|o snkČSB 844/4[3]/1955
|p 17A1348035
|r 2026-02-21 19:29:24
|t č. 1-13, neúplné
|w 2026-02-21
|y PREZ
|z Chýba č.: 5
|
| 952 |
|
|
|0 0
|1 0
|4 0
|7 0
|a SNK
|b SNK
|d 2021-11-16
|i snkII. 1728/55
|l 0
|o snkČSB 844/2/1954
|p 17A1348034
|r 2026-02-21 19:29:24
|t č. 1-6
|w 2026-02-21
|y PREZ
|